LEADER 00834cam0-2200313---450- 001 990004881230403321 005 20071116140048.0 035 $a000488123 035 $aFED01000488123 035 $a(Aleph)000488123FED01 035 $a000488123 100 $a19990604d1966----km-y0itay50------ba 101 0 $aita 102 $aIT 105 $ay-------001yy 200 1 $a<>lingua dei libri di testo$eesame comparativo$fCarlo Bascetta 205 $a3. ed. 210 $aRoma$cArmando$d1966 215 $a127 p.$d20 cm 610 0 $aLibri di testo$aLinguaggio 676 $a371.32 700 1$aBascetta,$bCarlo$0195503 801 0$aIT$bUNINA$gRICA$2UNIMARC 901 $aBK 912 $a990004881230403321 952 $a371.32 BAS 1$fFLFBC 959 $aFLFBC 996 $aLingua dei libri di testo$9519899 997 $aUNINA LEADER 01780oam 2200481M 450 001 9910716108403321 005 20200213070941.9 035 $a(CKB)5470000002519035 035 $a(OCoLC)1065619840 035 $a(OCoLC)995470000002519035 035 $a(EXLCZ)995470000002519035 100 $a20071213d1926 ua 0 101 0 $aeng 135 $aurcn||||||||| 181 $ctxt$2rdacontent 182 $cc$2rdamedia 183 $acr$2rdacarrier 200 10$aBridge across the Mississippi River in Minnesota. April 29 (calendar day, April 30), 1926. -- Ordered to be printed 210 1$a[Washington, D.C.] :$c[U.S. Government Printing Office],$d1926. 215 $a1 online resource (2 pages) 225 1 $aSenate report / 69th Congress, 1st session. Senate ;$vno. 727 225 1 $a[United States congressional serial set ] ;$v[serial no. 8526] 300 $aBatch processed record: Metadata reviewed, not verified. Some fields updated by batch processes. 300 $aFDLP item number not assigned. 517 $aBridge across the Mississippi River in Minnesota. April 29 606 $aBridge construction industry 606 $aBridges$xDesign and construction 606 $aBridges 608 $aLegislative materials.$2lcgft 615 0$aBridge construction industry. 615 0$aBridges$xDesign and construction. 615 0$aBridges. 701 $aBingham$b Hiram$f1875-1956$pRepublican (CT)$0463205 801 0$bWYU 801 1$bWYU 801 2$bOCLCO 801 2$bOCLCQ 801 2$bOCLCO 801 2$bOCLCQ 906 $aBOOK 912 $a9910716108403321 996 $aBridge across the Mississippi River in Minnesota. April 29 (calendar day, April 30), 1926. -- Ordered to be printed$93549785 997 $aUNINA